Statistics for Canada Quiz

Click here to take the quiz!

General Stats

  • This quiz has been taken 12 times
  • The average score is 8 of 15

Answer Stats

HintAnswer% Correct
Capital of QuebecQuebec City
100%
Capital of British ColumbiaVictoria
92%
Hosted 1988 Winter OlympicsCalgary
83%
Canada's newest territoryNunavut
75%
Donor of the NHL's big prizeLord Stanley
58%
Province known for its red soilPrince Edward Island
58%
Canadian city immediately south of Detroit, MichiganWindsor
58%
Province where FDR vacationed annuallyNew Brunswick
50%
Canadian host of JeopardyAlex Trebek
42%
Canadian singer who wore his sunglasses at nightCorey Hart
42%
Canada's First Prime MinisterJohn A. MacDonald
42%
Ottawa home of Canada's Governor GeneralRideau Hall
17%
Kiefer Sutherland's Premier grandfatherTommy Douglas
17%
Home of Wayne GretzkyBrantford
8%
War of 1812 hero and ice cream queenLaura Secord
8%

Score Distribution

Percentile by Number Answered

Percent of People with Each Score

Your Score History

You have not taken this quiz